| 000 | 00844nam a2200217Ia 4500 | ||
|---|---|---|---|
| 005 | 20241129110210.0 | ||
| 008 | 241129s9999||||xx |||||||||||||| ||und|| | ||
| 037 | _aTB | ||
| 040 |
_aARTS _bhin _cARTS |
||
| 041 |
_ahin _2hin |
||
| 084 |
_aV2:51.N47 152R2 _qARTS |
||
| 100 | _aखोसला, जी. डी., ले. | ||
| 245 | 0 |
_aदेश विभाजन का खूनी इतिहास: 1946 - 47 की क्रूरतम घटनाओं का संकलन _cखोसला, जी. डी., ले. |
|
| 250 | _aचतुर्थ | ||
| 260 |
_aपटना, भारत _bपटना हिन्दू राइट फोरम _c2023 |
||
| 300 | _a380पृ0 | ||
| 365 |
_aINR _b335 |
||
| 650 | _aHistory-IndiaFreedom Struggle | ||
| 942 |
_cTB _hV2:51.N47 152R2 |
||
| 999 |
_c1227690 _d1227690 |
||